<?xml version="1.0" encoding="UTF-8"?>
<record
    xmlns:xsi="http://www.w3.org/2001/XMLSchema-instance"
    xsi:schemaLocation="http://www.loc.gov/MARC21/slim http://www.loc.gov/standards/marcxml/schema/MARC21slim.xsd"
    xmlns="http://www.loc.gov/MARC21/slim">

  <leader>01875    a2200301   4500</leader>
  <controlfield tag="003">NALT</controlfield>
  <controlfield tag="005">20260203153819.0</controlfield>
  <controlfield tag="008">250612b        th ||||| |||| 00| 0 tha d</controlfield>
  <datafield tag="020" ind1=" " ind2=" ">
    <subfield code="a">9786166126143</subfield>
  </datafield>
  <datafield tag="040" ind1=" " ind2=" ">
    <subfield code="a">&#xE4C;NALT</subfield>
  </datafield>
  <datafield tag="090" ind1=" " ind2=" ">
    <subfield code="a">KS 33.1</subfield>
    <subfield code="b">&#xE27;559&#xE1E; 2567</subfield>
  </datafield>
  <datafield tag="100" ind1="0" ind2=" ">
    <subfield code="a">&#xE27;&#xE34;&#xE40;&#xE0A;&#xE35;&#xE22;&#xE23; &#xE14;&#xE34;&#xE40;&#xE23;&#xE01;&#xE2D;&#xE38;&#xE14;&#xE21;&#xE28;&#xE31;&#xE01;&#xE14;&#xE34;&#xE4C;</subfield>
    <subfield code="9">12280</subfield>
  </datafield>
  <datafield tag="245" ind1="1" ind2="0">
    <subfield code="a">&#xE41;&#xE1E;&#xE48;&#xE07;&#xE1E;&#xE34;&#xE2A;&#xE14;&#xE32;&#xE23; &#xE40;&#xE25;&#xE48;&#xE21; 1 (&#xE09;&#xE1A;&#xE31;&#xE1A;&#xE1B;&#xE23;&#xE31;&#xE1A;&#xE1B;&#xE23;&#xE38;&#xE07;&#xE43;&#xE2B;&#xE21;&#xE48; &#xE1B;&#xE35; 2567) /</subfield>
    <subfield code="c">&#xE42;&#xE14;&#xE22; &#xE27;&#xE34;&#xE40;&#xE0A;&#xE35;&#xE22;&#xE23; &#xE14;&#xE34;&#xE40;&#xE23;&#xE01;&#xE2D;&#xE38;&#xE14;&#xE21;&#xE28;&#xE31;&#xE01;&#xE14;&#xE34;&#xE4C; ; Jurisprudence Group.</subfield>
  </datafield>
  <datafield tag="246" ind1="1" ind2="4">
    <subfield code="a">&#xE01;&#xE0E;&#xE2B;&#xE21;&#xE32;&#xE22;&#xE41;&#xE1E;&#xE48;&#xE07;&#xE1E;&#xE34;&#xE2A;&#xE14;&#xE32;&#xE23; &#xE40;&#xE25;&#xE48;&#xE21; 1 (&#xE09;&#xE1A;&#xE31;&#xE1A;&#xE1B;&#xE23;&#xE31;&#xE1A;&#xE1B;&#xE23;&#xE38;&#xE07;&#xE43;&#xE2B;&#xE21;&#xE48; &#xE1B;&#xE35; 2567) &#xE19;&#xE34;&#xE15;&#xE34;&#xE01;&#xE23;&#xE23;&#xE21; &#xE2A;&#xE31;&#xE0D;&#xE0D;&#xE32; &#xE2B;&#xE19;&#xE35;&#xE49; &#xE25;&#xE30;&#xE40;&#xE21;&#xE34;&#xE14;.</subfield>
  </datafield>
  <datafield tag="260" ind1=" " ind2=" ">
    <subfield code="a">&#xE01;&#xE23;&#xE38;&#xE07;&#xE40;&#xE17;&#xE1E;&#xE2F; : </subfield>
    <subfield code="b">&#xE41;&#xE2A;&#xE07;&#xE08;&#xE31;&#xE19;&#xE17;&#xE23;&#xE4C;&#xE01;&#xE32;&#xE23;&#xE1E;&#xE34;&#xE21;&#xE1E;&#xE4C;,</subfield>
    <subfield code="c">2567.</subfield>
  </datafield>
  <datafield tag="300" ind1=" " ind2=" ">
    <subfield code="a">605 &#xE2B;&#xE19;&#xE49;&#xE32; ;</subfield>
    <subfield code="c">26 &#xE0B;&#xE21;.</subfield>
  </datafield>
  <datafield tag="505" ind1="2" ind2=" ">
    <subfield code="a">&#xE19;&#xE34;&#xE15;&#xE34;&#xE01;&#xE23;&#xE23;&#xE21; (&#xE21;&#xE32;&#xE15;&#xE23;&#xE32; 149-193) -- &#xE2A;&#xE31;&#xE0D;&#xE0D;&#xE32; (&#xE21;&#xE32;&#xE15;&#xE23;&#xE32; 354-395) -- &#xE2B;&#xE19;&#xE35;&#xE49; (&#xE21;&#xE32;&#xE15;&#xE23;&#xE32; 194-353) -- &#xE25;&#xE30;&#xE40;&#xE21;&#xE34;&#xE14; (&#xE21;&#xE32;&#xE15;&#xE23;&#xE32; 420-453).</subfield>
  </datafield>
  <datafield tag="650" ind1=" " ind2="4">
    <subfield code="a">&#xE04;&#xE33;&#xE1E;&#xE34;&#xE1E;&#xE32;&#xE01;&#xE29;&#xE32;&#xE04;&#xE14;&#xE35;&#xE41;&#xE1E;&#xE48;&#xE07;</subfield>
    <subfield code="9">16729</subfield>
  </datafield>
  <datafield tag="650" ind1=" " ind2="4">
    <subfield code="a">&#xE01;&#xE0E;&#xE2B;&#xE21;&#xE32;&#xE22;&#xE41;&#xE1E;&#xE48;&#xE07;&#xE41;&#xE25;&#xE30;&#xE1E;&#xE32;&#xE13;&#xE34;&#xE0A;&#xE22;&#xE4C; </subfield>
    <subfield code="x">&#xE2A;&#xE31;&#xE0D;&#xE0D;&#xE32;</subfield>
    <subfield code="9">31958</subfield>
  </datafield>
  <datafield tag="650" ind1=" " ind2="4">
    <subfield code="a">&#xE01;&#xE0E;&#xE2B;&#xE21;&#xE32;&#xE22;&#xE41;&#xE1E;&#xE48;&#xE07;&#xE41;&#xE25;&#xE30;&#xE1E;&#xE32;&#xE13;&#xE34;&#xE0A;&#xE22;&#xE4C;</subfield>
    <subfield code="x">&#xE19;&#xE34;&#xE15;&#xE34;&#xE01;&#xE23;&#xE23;&#xE21;</subfield>
    <subfield code="9">2951</subfield>
  </datafield>
  <datafield tag="650" ind1=" " ind2="4">
    <subfield code="a">&#xE01;&#xE0E;&#xE2B;&#xE21;&#xE32;&#xE22;&#xE41;&#xE1E;&#xE48;&#xE07;&#xE41;&#xE25;&#xE30;&#xE1E;&#xE32;&#xE13;&#xE34;&#xE0A;&#xE22;&#xE4C;</subfield>
    <subfield code="x">&#xE2B;&#xE19;&#xE35;&#xE49;</subfield>
    <subfield code="9">10292</subfield>
  </datafield>
  <datafield tag="650" ind1=" " ind2="4">
    <subfield code="a">&#xE01;&#xE0E;&#xE2B;&#xE21;&#xE32;&#xE22;&#xE41;&#xE1E;&#xE48;&#xE07;&#xE41;&#xE25;&#xE30;&#xE1E;&#xE32;&#xE13;&#xE34;&#xE0A;&#xE22;&#xE4C;</subfield>
    <subfield code="x">&#xE25;&#xE30;&#xE40;&#xE21;&#xE34;&#xE14;</subfield>
    <subfield code="9">3009</subfield>
  </datafield>
  <datafield tag="710" ind1="2" ind2=" ">
    <subfield code="a">Jurisprudence Group</subfield>
    <subfield code="9">12278</subfield>
  </datafield>
  <datafield tag="942" ind1=" " ind2=" ">
    <subfield code="c">LB</subfield>
    <subfield code="2">local</subfield>
  </datafield>
  <datafield tag="996" ind1=" " ind2=" ">
    <subfield code="a">varee.k</subfield>
    <subfield code="b">LIBSTF</subfield>
    <subfield code="c">2025-06-12</subfield>
  </datafield>
  <datafield tag="996" ind1=" " ind2=" ">
    <subfield code="a">saiphon.d</subfield>
    <subfield code="b">CATSTF	</subfield>
    <subfield code="c">2025-06-18</subfield>
  </datafield>
  <datafield tag="999" ind1=" " ind2=" ">
    <subfield code="c">106762</subfield>
    <subfield code="d">106762</subfield>
  </datafield>
  <datafield tag="998" ind1=" " ind2=" ">
    <subfield code="j">111</subfield>
    <subfield code="k"> &#xE19;&#xE32;&#xE07;&#xE2A;&#xE32;&#xE27;&#xE1E;&#xE08;&#xE1E;&#xE34;&#xE13;  &#xE1E;&#xE23;&#xE21;&#xE40;&#xE2D;&#xE35;&#xE48;&#xE22;&#xE21;</subfield>
  </datafield>
  <datafield tag="952" ind1=" " ind2=" ">
    <subfield code="0">0</subfield>
    <subfield code="1">0</subfield>
    <subfield code="2">local</subfield>
    <subfield code="4">0</subfield>
    <subfield code="7">0</subfield>
    <subfield code="8">CLAW</subfield>
    <subfield code="a">NALT</subfield>
    <subfield code="b">NALT</subfield>
    <subfield code="c">LAW</subfield>
    <subfield code="d">2025-06-05</subfield>
    <subfield code="e">192</subfield>
    <subfield code="l">11</subfield>
    <subfield code="m">11</subfield>
    <subfield code="o">KS 33.1 &#xE27;559&#xE1E; 2567 &#xE25;.1</subfield>
    <subfield code="p">3961215330</subfield>
    <subfield code="r">2026-02-12 00:00:00</subfield>
    <subfield code="s">2026-02-03</subfield>
    <subfield code="w">2025-06-05</subfield>
    <subfield code="y">LB</subfield>
  </datafield>
</record>
